| 000 | 01316pam a2200373 a 4500 | ||
|---|---|---|---|
| 001 | 1965408 | ||
| 003 | OSt | ||
| 005 | 20140310184448.0 | ||
| 008 | 880705s1989 nyua j 000 0 eng | ||
| 010 | _a 88022839 | ||
| 020 | _a059099459X | ||
| 040 |
_aDLC _cDLC _dDLC |
||
| 042 | _alcac | ||
| 050 | 0 | 0 |
_aPZ 8.3 _b.C456Fi 1989 |
| 100 | 1 |
_aChristelow, Eileen. _927877 |
|
| 245 | 1 | 0 |
_aFive little monkeys jumping on the bed / _cretold and illustrated by Eileen Christelow. |
| 260 |
_aNew York : _bClarion Books, _c1989 |
||
| 300 |
_a32 p. : _bcol. ill. ; _c20 x 25 cm. |
||
| 520 | _aA counting book in which one by one the little monkeys jump on the bed only to fall off and bump their heads. | ||
| 521 | _aG2 | ||
| 526 | _c310 | ||
| 562 | _e1 | ||
| 650 | 0 |
_aNursery rhymes. _921558 |
|
| 650 | 0 |
_aChildren's poetry. _96783 |
|
| 650 | 1 |
_aNursery rhymes. _921558 |
|
| 650 | 1 |
_aMonkeys _xPoetry. _927878 |
|
| 650 | 1 |
_aCounting. _911594 |
|
| 740 | 0 | _a5 little monkeys jumping on the bed. | |
| 856 | 4 | 2 |
_3Publisher description _uhttp://www.loc.gov/catdir/description/hm021/88022839.html |
| 856 | 4 | 2 |
_3Contributor biographical information _uhttp://www.loc.gov/catdir/enhancements/fy0735/88022839-b.html |
| 906 |
_a7 _bcbc _corignew _d1 _eocip _f19 _gy-gencatlg |
||
| 942 |
_2lcc _cBK-SCHOLAS |
||
| 999 |
_c34549 _d34549 |
||